Chess Openings by Notation - Statistics

General Stats
  • This quiz has been taken 2,049 times
  • The average score is 5 of 10
Answer Stats
Hint Answer % Correct
1 1.e4 e5 2.Nf3 Nc6 3.Bb5 Ruy Lopez
96%
2 1.e4 e5 2.Nf3 Nc6 3.Bc4 Italian
90%
3 1.e4 e5 2.Nf3 Nc6 3.d4 Scotch
68%
9 1.e4 e6 2.d4 d5 French Defence Main Line
62%
8 1.e4 e5 2.Nf3 Nf6 Russian
51%
7 1. d4 d5 2. c4 e6 Queen's Gambit Declined
50%
5 1. e4 c5 2. Nf3 d6 3. d4 cxd4 4. Nxd4 Nf6 5. Nc3 a6 Sicilian Defence, Najdorf Variation
50%
4 1. d4 d5 2. e4 dxe4 3. Nc3 Blackmar–Diemer Gambit
14%
6 1.f4 e5 From's Gambit
12%
10 1.g3 Benko's Opening
7%
No matching quizzes found
Score Distribution
Percent of People with Each Score
Percentile by Number Answered
Your Score History
You have not taken this quiz